[Event "XII. Karnevalsopen"]
[Site "Solingen"]
[Date "2023.02.17"]
[Round "1.1"]
[White "Jugelt, Tobias"]
[Black "Anschuetz, Wolfgang"]
[Result "1-0"]
[WhiteElo "2381"]
[BlackElo "1728"]
[PlyCount "45"]
[EventDate "2023.??.??"]
[EventType "swiss"]
[EventRounds "5"]
[EventCountry "GER"]

1. d4 Nf6 2. g3 d5 3. Bg2 Na6 4. Nf3 e6 5. O-O c5 6. c4 Be7 7. Nc3 O-O 8. Ne5 cxd4 9. Qxd4 Nb4 10. Rb1 Nc6 11. Nxc6 bxc6 12. b3 Nd7 13. Bb2 Bf6 14. Qd2 Ba6 15. Rfd1 Rc8 16. Na4 Qe7 17. Qa5 Bb7 18. Qxa7 Rc7 19. Qa5 Ne5 20. Ba3 Ra8 21. Qxa8+ Bxa8 22. Bxe7 Bxe7 23. e4 1-0

[Event "XII. Karnevalsopen"]
[Site "Solingen"]
[Date "2023.02.17"]
[Round "1.2"]
[White "Abdo, Alan"]
[Black "Michalczak, Thomas"]
[Result "0-1"]
[WhiteElo "1707"]
[BlackElo "2254"]
[PlyCount "190"]
[EventDate "2023.??.??"]
[EventType "swiss"]
[EventRounds "5"]
[EventCountry "GER"]

1. e4 c5 2. Nf3 d6 3. d4 cxd4 4. Nxd4 Nf6 5. Nc3 g6 6. Bb5+ Bd7 7. O-O a6 8. Bxd7+ Nbxd7 9. Qe2 Bg7 10. Be3 Rc8 11. Rad1 Rxc3 12. bxc3 Nxe4 13. Qc4 Nec5 14. Nf3 O-O 15. Rfe1 b5 16. Qb4 Qc7 17. Bd4 e5 18. Bxc5 Nxc5 19. Nd2 f5 20. c4 a5 21. Qa3 b4 22. Qe3 Na4 23. Nb1 Nb2 24. Rd5 Nxc4 25. Qb3 e4 26. Red1 Kh8 27. Nd2 Nb2 28. Rb1 a4 29. Qxb4 Qxc2 30. Rxb2 Qxb2 31. Qxa4 Be5 32. Nf1 Rc8 33. Rb5 Qd4 34. Qa6 Rc1 35. Rb7 Rc8 36. Rxh7+ Kxh7 37. Qxc8 d5 38. Qd7+ Bg7 39. a4 Qc5 40. Qd8 Bd4 41. Qh4+ Kg7 42. Qg3 Qa7 43. h4 Qxa4 44. h5 Qc6 45. Ne3 Bxe3 46. fxe3 Qf6 47. hxg6 Qe7 48. Kf1 Qb7 49. Qe5+ Kxg6 50. Qe6+ Kg5 51. Qg8+ Kf6 52. Qd8+ Ke6 53. Qe8+ Qe7 54. Qg6+ Qf6 55. Qe8+ Kd6 56. Qa4 Qc3 57. Qa7 Kc6 58. Kf2 Qb2+ 59. Kg3 Qe5+ 60. Kh3 Kb5 61. Qa2 Kb4 62. Qd2+ Qc3 63. Qxd5 Qxe3+ 64. Kh2 Qf4+ 65. Kh3 Kc3 66. Qa5+ Kd3 67. Qa3+ Ke2 68. Qb2+ Qd2 69. Qe5 Qh6+ 70. Kg3 Qe3+ 71. Kh2 f4 72. Qb2+ Qd2 73. Qe5 Qe3 74. Qb2+ Kf1 75. Qb1+ Qe1 76. Qb5+ Kf2 77. Qb2+ Qe2 78. Qd4+ e3 79. Qxf4+ Ke1 80. Qb4+ Qd2 81. Qb1+ Qd1 82. Qb4+ Qd2 83. Qb1+ Ke2 84. Qb5+ Qd3 85. Qb2+ Kd1 86. Qa1+ Kc2 87. Qa2+ Kc1 88. Qa1+ Kc2 89. Qa2+ Kc1 90. Qa1+ Kd2 91. Qb2+ Qc2 92. Qd4+ Ke2 93. Qg4+ Ke1 94. Qb4+ Kf1 95. Qd4 Qxg2# 0-1

[Event "XII. Karnevalsopen"]
[Site "Solingen"]
[Date "2023.02.17"]
[Round "1.3"]
[White "Volkov, Mykyta"]
[Black "Renz, Yannick"]
[Result "1-0"]
[WhiteElo "2251"]
[BlackElo "1695"]
[PlyCount "47"]
[EventDate "2023.??.??"]
[EventType "swiss"]
[EventRounds "5"]
[EventCountry "GER"]

1. d4 f5 2. Bg5 h6 3. Bh4 g5 4. e3 Nf6 5. Bg3 Bg7 6. Nc3 d6 7. h4 g4 8. Bc4 Nc6 9. d5 Ne5 10. Bb3 O-O 11. Nge2 Ned7 12. Nf4 Nc5 13. Nce2 Nxb3 14. axb3 Ne4 15. Nd4 e5 16. dxe6 c5 17. Nb5 Bxb2 18. O-O Bxa1 19. Qxa1 Nxg3 20. fxg3 Qf6 21. Nc7 Rb8 22. Qxa7 b6 23. Ncd5 Qg7 24. e7 1-0

[Event "XII. Karnevalsopen"]
[Site "Solingen"]
[Date "2023.02.17"]
[Round "1.4"]
[White "Reinacher, Detlev"]
[Black "Marcziter, Dmitrii"]
[Result "0-1"]
[WhiteElo "1671"]
[BlackElo "2235"]
[PlyCount "62"]
[EventDate "2023.??.??"]
[EventType "swiss"]
[EventRounds "5"]
[EventCountry "GER"]

1. e4 c5 2. d3 Nc6 3. b3 d5 4. exd5 Qxd5 5. Nf3 Bg4 6. Nbd2 Nf6 7. Bb2 e6 8. Be2 Be7 9. a4 O-O 10. O-O Qd8 11. h3 Bh5 12. Nc4 Nd5 13. g4 Bg6 14. Qd2 f6 15. Nh4 Bf7 16. f4 Nd4 17. Bxd4 cxd4 18. Nf3 Bb4 19. Qc1 Bc3 20. Rb1 Qc7 21. Nh4 a6 22. Rf3 b5 23. Nb2 Rac8 24. Ng2 Bb4 25. Bd1 Nc3 26. Ra1 Be8 27. Rf2 Bc6 28. Ne1 e5 29. f5 e4 30. dxe4 Qg3+ 31. Rg2 Qxe1+ 0-1

[Event "XII. Karnevalsopen"]
[Site "Solingen"]
[Date "2023.02.17"]
[Round "1.5"]
[White "Scharfenberg, Michael"]
[Black "Kelch, Volker"]
[Result "1-0"]
[WhiteElo "2169"]
[BlackElo "1655"]
[PlyCount "85"]
[EventDate "2023.??.??"]
[EventType "swiss"]
[EventRounds "5"]
[EventCountry "GER"]

1. d4 d5 2. Nc3 Nf6 3. Bf4 a6 4. e3 e6 5. g4 Bd6 6. g5 Ng8 7. Nf3 Nc6 8. h4 Nge7 9. Qd2 Nf5 10. O-O-O Bxf4 11. exf4 Qe7 12. Bh3 Nd6 13. b3 Nb5 14. Rhe1 Qa3+ 15. Kb1 Nxc3+ 16. Qxc3 Nb4 17. Qb2 Qxb2+ 18. Kxb2 O-O 19. h5 Bd7 20. Ne5 Rad8 21. g6 Be8 22. gxf7+ Bxf7 23. Nxf7 Rxf7 24. Bxe6 Kf8 25. Bxf7 Kxf7 26. Re3 Nc6 27. c3 Rd6 28. Rg1 Rf6 29. Reg3 g6 30. hxg6+ hxg6 31. Rg4 Nd8 32. Rh1 Ne6 33. Kc2 Ke7 34. Rhh4 b5 35. Kd3 Kd6 36. Rh6 Nf8 37. Ke3 c6 38. Rg5 Ke7 39. f5 gxf5 40. Rg7+ Ke6 41. Rxf6+ Kxf6 42. Rc7 f4+ 43. Kf3 1-0

[Event "XII. Karnevalsopen"]
[Site "Solingen"]
[Date "2023.02.17"]
[Round "1.6"]
[White "Arnz, Tom Niklas"]
[Black "Borchert, Stephan"]
[Result "0-1"]
[WhiteElo "1633"]
[BlackElo "2090"]
[PlyCount "94"]
[EventDate "2023.??.??"]
[EventType "swiss"]
[EventRounds "5"]
[EventCountry "GER"]

1. Nf3 b5 2. g3 Bb7 3. Bg2 Nf6 4. O-O e6 5. d4 Be7 6. Nbd2 O-O 7. Re1 d5 8. Ne5 Nbd7 9. Ndf3 c5 10. c3 c4 11. Bg5 Nb6 12. h4 h6 13. Bxf6 Bxf6 14. Ng4 Be7 15. Qd2 f6 16. Bh3 h5 17. Ne3 Qd6 18. Qc2 f5 19. Ng2 Bc6 20. Nf4 Be8 21. Ne5 {(=)} Kh7 22. e3 a5 23. Kh1 g6 24. Rg1 Bf6 25. Nf3 Ra7 26. Bg2 Bc6 27. Nh3 b4 28. Nfg5+ Kg7 29. Qe2 e5 30. Rge1 Re8 31. Qd2 bxc3 32. bxc3 Na4 33. f4 e4 34. Rab1 Qa3 35. Rec1 Rb7 36. Rxb7+ Bxb7 37. Nf2 Bc6 38. Nd1 Rb8 39. Nh3 Be7 40. Ng1 Bd6 41. Ne2 Nb2 42. Nxb2 Qxb2 43. Rc2 Qa3 44. Qe1 Ba4 45. Rd2 Rb2 46. Rxb2 Qxb2 47. Nc1 Ba3 0-1

[Event "XII. Karnevalsopen"]
[Site "Solingen"]
[Date "2023.02.17"]
[Round "1.7"]
[White "Eckert, Marius"]
[Black "Hirsch, Dominik"]
[Result "1/2-1/2"]
[WhiteElo "2081"]
[BlackElo "1633"]
[PlyCount "24"]
[EventDate "2023.??.??"]
[EventType "swiss"]
[EventRounds "5"]
[EventCountry "GER"]

1. d4 d5 2. Bf4 Nf6 3. e3 e6 4. Nf3 c5 5. c3 Be7 6. Nbd2 Nc6 7. Bd3 O-O 8. Ne5 Nd7 9. h4 f5 10. g4 Ndxe5 11. dxe5 d4 12. Qc2 dxe3 1/2-1/2

[Event "XII. Karnevalsopen"]
[Site "Solingen"]
[Date "2023.02.17"]
[Round "1.8"]
[White "Mekus, Manuela"]
[Black "Neumair, Jerome"]
[Result "0-1"]
[WhiteElo "1624"]
[BlackElo "2076"]
[PlyCount "108"]
[EventDate "2023.??.??"]
[EventType "swiss"]
[EventRounds "5"]
[EventCountry "GER"]

1. Nf3 d5 2. g3 Nf6 3. Bg2 Bg4 4. O-O e6 5. h3 Bxf3 6. exf3 Bd6 7. d4 O-O 8. Re1 Nbd7 9. f4 c6 10. Nd2 Qc7 11. Nf3 Rac8 12. Ne5 c5 13. c3 cxd4 14. cxd4 {(=)} Qc2 15. Qd2 Rc7 16. Re2 Rfc8 17. Qxc2 Rxc2 18. Rxc2 Rxc2 19. b3 Bb4 20. Be3 Bc3 21. Rc1 Rxc1+ 22. Bxc1 Bxd4 23. Nf3 Bc5 24. Bb2 Kf8 25. Ne5 Nxe5 26. fxe5 Ne4 27. Bxe4 dxe4 28. Kf1 {(=)} Ke7 29. Ke2 f5 30. a3 Kd7 31. b4 Bb6 32. b5 a6 33. a4 axb5 34. axb5 Bc5 35. Bc3 Kc7 36. Ba5+ Bb6 37. Bc3 Kd7 38. f3 exf3+ 39. Kxf3 Ke7 40. Bb4+ Kf7 41. Kf4 Bg1 42. Bd6 Kg6 43. h4 Bf2 44. Be7 Kh5 45. Bd8 Be1 46. Kf3 h6 47. Be7 Bc3 48. Bd6 g5 49. hxg5 hxg5 50. Bc7 Bb2 51. Bd6 g4+ 52. Ke2 Kg6 53. Bc7 f4 54. gxf4 Kf5 0-1

[Event "XII. Karnevalsopen"]
[Site "Solingen"]
[Date "2023.02.17"]
[Round "1.9"]
[White "Flesch, Stefan"]
[Black "Bauer, Matthias"]
[Result "1-0"]
[WhiteElo "2049"]
[BlackElo "1623"]
[PlyCount "47"]
[EventDate "2023.??.??"]
[EventType "swiss"]
[EventRounds "5"]
[EventCountry "GER"]

1. d4 Nf6 2. c4 c6 3. Nc3 d5 4. Nf3 Bf5 5. Qb3 Qb6 6. c5 Qxb3 7. axb3 Nbd7 8. b4 e6 9. b5 Be7 10. bxc6 bxc6 11. Bf4 O-O 12. h3 Rfc8 13. e3 a5 14. Be2 Bd8 15. O-O Bc7 16. Bxc7 Rxc7 17. b4 Rb8 18. b5 Ne4 19. Nxe4 dxe4 20. b6 Rcc8 21. Nd2 Rd8 22. Nc4 e5 23. Nxa5 exd4 24. exd4 1-0

[Event "XII. Karnevalsopen"]
[Site "Solingen"]
[Date "2023.02.17"]
[Round "1.10"]
[White "Bock, Juergen"]
[Black "Schwibbert, Jonas"]
[Result "0-1"]
[WhiteElo "1611"]
[BlackElo "2041"]
[PlyCount "44"]
[EventDate "2023.??.??"]
[EventType "swiss"]
[EventRounds "5"]
[EventCountry "GER"]

1. d4 d5 2. Nf3 Nf6 3. e3 e6 4. Bd3 c5 5. c3 Nc6 6. Nbd2 Bd6 7. dxc5 Bxc5 8. O-O O-O 9. e4 Qc7 10. Qe2 h6 11. e5 Ng4 12. Nb3 Bb6 13. Bf4 f6 14. Rae1 fxe5 15. Bxe5 Ncxe5 16. Nxe5 Bxf2+ 17. Rxf2 Nxf2 18. Bg6 Ne4 19. Qh5 Nf6 20. Qh3 Qb6+ 21. Nd4 Qxb2 22. Nxe6 Qb6+ 0-1

[Event "XII. Karnevalsopen"]
[Site "Solingen"]
[Date "2023.02.17"]
[Round "1.11"]
[White "Fichtner, Ewald"]
[Black "Asadzade, Muhammed"]
[Result "1-0"]
[WhiteElo "2004"]
[BlackElo "1590"]
[PlyCount "57"]
[EventDate "2023.??.??"]
[EventType "swiss"]
[EventRounds "5"]
[EventCountry "GER"]

1. d4 Nf6 2. Nc3 c5 3. d5 d6 4. e4 g6 5. Nf3 Bg7 6. Bc4 O-O 7. O-O Bg4 8. h3 Bxf3 9. Qxf3 Nbd7 10. Qe2 Ne5 11. Bb3 Qc7 12. f4 Ned7 13. a4 a6 14. a5 Ne8 15. Kh1 b5 16. axb6 Qxb6 17. Ba4 Qb7 18. Bc6 Qb8 19. Bxd7 Nc7 20. Bc6 Ra7 21. Rf3 e6 22. Nd1 e5 23. f5 Nb5 24. Bxb5 axb5 25. Rxa7 Qxa7 26. Ra3 Qd7 27. Ne3 Bh6 28. Ng4 Bxc1 29. Nf6+ 1-0

[Event "XII. Karnevalsopen"]
[Site "Solingen"]
[Date "2023.02.17"]
[Round "1.12"]
[White "Marcziter, Alex"]
[Black "Piekorz, Roland"]
[Result "1/2-1/2"]
[WhiteElo "1583"]
[BlackElo "1988"]
[PlyCount "110"]
[EventDate "2023.??.??"]
[EventType "swiss"]
[EventRounds "5"]
[EventCountry "GER"]

1. e4 g6 2. d4 Bg7 3. Nf3 d6 4. Bc4 Nf6 5. Nc3 Nc6 6. h3 O-O 7. Be3 a6 8. a4 e5 9. d5 Ne7 10. O-O Bd7 11. Nd2 Nh5 12. Be2 Nf4 13. Bxf4 exf4 14. Nf3 h6 15. Qd2 g5 16. Nd4 Ng6 17. Rfe1 Qf6 18. Rad1 Rfe8 19. Nf3 Rab8 20. Qd4 Ne5 21. Nxe5 Qxe5 22. Qc4 Rec8 23. Qb4 Qe8 24. Bf3 Be5 25. Re2 f6 26. Bg4 h5 27. Bxd7 Qxd7 28. f3 Kf7 29. Kf2 Kg7 30. Ke1 c5 31. dxc6 bxc6 32. Qa3 Qb7 33. Rb1 Qb4 34. Qxb4 Rxb4 35. Kd2 Bxc3+ 36. Kxc3 Rxa4 37. Rd1 d5 38. exd5 cxd5+ 39. Kb3 Ra5 40. c3 Rb5+ 41. Kc2 Kf7 42. Rd4 Re8 43. Rdd2 Re5 44. b3 Ke6 45. c4 dxc4 46. bxc4 Rbc5 47. Kc3 a5 48. Rd8 Rxe2 49. Re8+ Kd6 50. Rxe2 Re5 51. Ra2 Kc6 52. Kd3 Rc5 53. Kd4 Re5 54. Kd3 Kb6 55. Kd4 Kc6 1/2-1/2

[Event "XII. Karnevalsopen"]
[Site "Solingen"]
[Date "2023.02.17"]
[Round "1.13"]
[White "Tremoehlen, Thomas"]
[Black "Scheidtmann, Kian"]
[Result "1-0"]
[WhiteElo "1985"]
[BlackElo "1575"]
[PlyCount "69"]
[EventDate "2023.??.??"]
[EventType "swiss"]
[EventRounds "5"]
[EventCountry "GER"]

1. d4 Nf6 2. Bf4 e6 3. e3 c5 4. c3 cxd4 5. exd4 Be7 6. Nd2 b6 7. a4 O-O 8. Ngf3 d6 9. Be2 Ba6 10. Bb5 Bxb5 11. axb5 a5 12. bxa6 Rxa6 13. O-O Nh5 14. Be3 Nf6 15. Qb3 Nd5 16. c4 Nxe3 17. Qxe3 Qc8 18. b4 Nd7 19. d5 e5 20. Nd4 h6 21. Nc6 Re8 22. Qh3 Rxa1 23. Rxa1 Kf8 24. Ra7 Bg5 25. Ne4 Nb8 26. Nxg5 Nxc6 27. dxc6 Qxc6 28. Qf5 Re7 29. Rxe7 Kxe7 30. Qxf7+ Kd8 31. Ne6+ Kc8 32. Nxg7 b5 33. Qe8+ Qxe8 34. Nxe8 Kd7 35. Nxd6 1-0

[Event "XII. Karnevalsopen"]
[Site "Solingen"]
[Date "2023.02.17"]
[Round "1.14"]
[White "Tonev, Vasil"]
[Black "Mueller, Adrian"]
[Result "0-1"]
[WhiteElo "1560"]
[BlackElo "1980"]
[PlyCount "60"]
[EventDate "2023.??.??"]
[EventType "swiss"]
[EventRounds "5"]
[EventCountry "GER"]

1. e4 c6 2. d4 d5 3. f3 Qb6 4. Nc3 dxe4 5. fxe4 e5 6. Nf3 Bg4 7. Bc4 f6 8. dxe5 Nd7 9. e6 Nc5 10. Qe2 O-O-O 11. Bd2 Qxb2 12. Rb1 Qxc2 13. Rc1 Nd3+ 14. Bxd3 Qxd3 15. Qxd3 Rxd3 16. Ke2 Rd8 17. Be3 b6 18. Rc2 Kb7 19. Rb1 Bd6 20. Kf2 Ne7 21. a4 Bxe6 22. a5 b5 23. Na4 Ka8 24. Nc5 Bc4 25. Nd2 Bxc5 26. Nxc4 Bxe3+ 27. Nxe3 Rd4 28. Nf5 Nxf5 29. exf5 Kb7 30. Rbc1 Rc8 0-1

[Event "XII. Karnevalsopen"]
[Site "Solingen"]
[Date "2023.02.17"]
[Round "1.15"]
[White "Langner, Jasper"]
[Black "Rades, Andreas"]
[Result "1-0"]
[WhiteElo "1980"]
[BlackElo "1542"]
[PlyCount "77"]
[EventDate "2023.??.??"]
[EventType "swiss"]
[EventRounds "5"]
[EventCountry "GER"]

1. d4 c6 2. c4 d5 3. Nc3 Nf6 4. e3 e6 5. Nf3 Nbd7 6. Be2 dxc4 7. a4 Bb4 8. Bxc4 O-O 9. O-O Nb6 10. Bb3 Nbd5 11. Qd3 Re8 12. e4 Nxc3 13. bxc3 Bf8 14. Bc2 g6 15. Bg5 Be7 16. Rab1 Kg7 17. Ne5 Nd7 18. Bh6+ Kg8 19. Nc4 Nb6 20. Ne3 Bg5 21. Bxg5 Qxg5 22. f4 Qe7 23. a5 Nd7 24. Nc4 Rd8 25. Qg3 Rb8 26. Rbe1 b5 27. axb6 axb6 28. Ra1 b5 29. Na5 Bb7 30. f5 e5 31. fxg6 hxg6 32. Bb3 Kg7 33. Rxf7+ Qxf7 34. Bxf7 Kxf7 35. Rf1+ Kg7 36. dxe5 Nc5 37. e6 Nd3 38. Rf7+ Kh6 39. Qh4# 1-0

[Event "XII. Karnevalsopen"]
[Site "Solingen"]
[Date "2023.02.17"]
[Round "1.16"]
[White "Schuricht, Paul Alexander"]
[Black "Pauls, Wilhelm"]
[Result "0-1"]
[WhiteElo "1535"]
[BlackElo "1978"]
[PlyCount "72"]
[EventDate "2023.??.??"]
[EventType "swiss"]
[EventRounds "5"]
[EventCountry "GER"]

1. e4 c5 2. c3 e6 3. d4 d5 4. e5 Qb6 5. Nf3 Bd7 6. Be2 Bb5 7. O-O Bxe2 8. Qxe2 Nc6 9. Be3 Nh6 10. Bxh6 gxh6 11. Rd1 Bg7 12. Na3 cxd4 13. cxd4 a6 14. b3 O-O 15. Nc2 f6 16. exf6 Rxf6 17. Ne3 Rf4 18. Nc2 Re8 19. Qd2 Ref8 20. Re1 Nxd4 21. Ncxd4 Rxd4 22. Rxe6 Rxd2 23. Rxb6 Rxf3 24. gxf3 Bxa1 25. Rxb7 Bd4 26. Rd7 Bxf2+ 27. Kf1 Be3 28. Rd6 a5 29. a4 d4 30. Rd5 Rf2+ 31. Ke1 Rxh2 32. Kd1 Rd2+ 33. Ke1 Rg2 34. Kd1 Rg5 35. Rd8+ Kf7 36. Ke2 Ke6 0-1

[Event "XII. Karnevalsopen"]
[Site "Solingen"]
[Date "2023.02.17"]
[Round "1.17"]
[White "Boschek, Hans-Joachim"]
[Black "Schmitz, Constantin"]
[Result "1-0"]
[WhiteElo "1920"]
[BlackElo "1534"]
[PlyCount "89"]
[EventDate "2023.??.??"]
[EventType "swiss"]
[EventRounds "5"]
[EventCountry "GER"]

1. c4 c6 2. Nc3 Nf6 3. e3 d5 4. b3 Bf5 5. Bb2 e6 6. Nf3 Bd6 7. d4 Nbd7 8. Be2 O-O 9. O-O Ne4 10. Nxe4 Bxe4 11. Nd2 Qh4 12. g3 Qh3 13. Nxe4 dxe4 14. d5 Be5 15. Rb1 Bxb2 16. Rxb2 Ne5 17. f3 exf3 18. Bxf3 Nxf3+ 19. Qxf3 exd5 20. cxd5 cxd5 21. Qxd5 b6 22. Rxf7 Kh8 23. Rbf2 Qc8 24. Rxf8+ Qxf8 25. Rxf8+ Rxf8 26. e4 g6 27. Qb7 Re8 28. Qxa7 Rxe4 29. Qa8+ Kg7 30. Qxe4 Kf6 31. g4 h6 32. Kg2 g5 33. Qh7 Ke5 34. Qxh6 Kd4 35. Qxb6+ Kc3 36. Qf6+ Kb4 37. Qxg5 Kc3 38. Qc1+ Kb4 39. g5 Ka5 40. Qc4 Kb6 41. g6 Kb7 42. g7 Ka7 43. Qc6 Kb8 44. g8=R+ Ka7 45. Ra8# 1-0

[Event "XII. Karnevalsopen"]
[Site "Solingen"]
[Date "2023.02.17"]
[Round "1.18"]
[White "Guelcan, Batuhan Ege"]
[Black "Klemenz, Luca"]
[Result "1/2-1/2"]
[WhiteElo "1525"]
[BlackElo "1908"]
[PlyCount "77"]
[EventDate "2023.??.??"]
[EventType "swiss"]
[EventRounds "5"]
[EventCountry "GER"]

1. d4 Nf6 2. c4 e6 3. Nc3 Bb4 4. Qc2 d5 5. e3 O-O 6. a3 Bxc3+ 7. Qxc3 c5 8. dxc5 a5 9. cxd5 Ne4 10. Qc2 exd5 11. Bd3 Nd7 12. Bxe4 dxe4 13. Ne2 Qe7 14. O-O Nxc5 15. Nf4 Rd8 16. Rd1 Bg4 17. Rd2 Qe5 18. h3 Bf5 19. Rb1 a4 20. Rxd8+ Rxd8 21. Bd2 Be6 22. Bc3 Qf5 23. Nxe6 {(=)} fxe6 24. Ba5 Re8 25. Bc7 Nd3 26. Bg3 Rf8 27. b3 axb3 28. Rxb3 b5 29. Rc3 h5 30. Rc8 Rxc8 31. Qxc8+ Kh7 32. Qc7 Qf6 33. h4 Kg6 34. Qd7 Qf5 35. Qe8+ Kh7 36. Qe7 Qg4 37. Qe8 Qf5 38. Qe7 Qg4 39. Qe8 1/2-1/2

[Event "XII. Karnevalsopen"]
[Site "Solingen"]
[Date "2023.02.17"]
[Round "1.19"]
[White "Dunsche, Daniel"]
[Black "Pfennig, Konstantin"]
[Result "1-0"]
[WhiteElo "1906"]
[BlackElo "1486"]
[PlyCount "69"]
[EventDate "2023.??.??"]
[EventType "swiss"]
[EventRounds "5"]
[EventCountry "GER"]

1. d4 d5 2. Nc3 c6 3. Bf4 Nf6 4. e3 Bf5 5. f3 e6 6. g4 Bg6 7. h4 h6 8. Bd3 Bxd3 9. Qxd3 Bd6 10. Nge2 Na6 11. O-O-O Qc7 12. Bxd6 Qxd6 13. Nf4 O-O-O 14. g5 Nd7 15. g6 Nb4 16. Qe2 e5 17. dxe5 Nxe5 18. a3 Na6 19. gxf7 Nxf7 20. Rhg1 Rhe8 21. Rxg7 Qf8 22. Rdg1 Ng5 {(=)} 23. Rg6 d4 24. Ne4 Nxe4 25. fxe4 Nc5 26. b4 Qf7 27. bxc5 Qa2 28. Nd3 Qa1+ 29. Kd2 Qc3+ 30. Kd1 Qa1+ 31. Nc1 dxe3+ 32. Rd6 Rxd6+ 33. cxd6 Qd4+ 34. Qd3 Qxe4 35. d7+ 1-0

[Event "XII. Karnevalsopen"]
[Site "Solingen"]
[Date "2023.02.17"]
[Round "1.20"]
[White "Albrecht, Philipp"]
[Black "Goldenstein, Arnd"]
[Result "0-1"]
[WhiteElo "1437"]
[BlackElo "1905"]
[PlyCount "116"]
[EventDate "2023.??.??"]
[EventType "swiss"]
[EventRounds "5"]
[EventCountry "GER"]

1. d4 d5 2. Bf4 Nf6 3. e3 e6 4. Nd2 Bd6 5. Bg3 c5 6. c3 Qc7 7. Ngf3 Nbd7 8. Be2 O-O 9. Bxd6 Qxd6 10. h4 Re8 11. h5 e5 12. dxe5 Nxe5 13. Nxe5 Rxe5 14. Nc4 Qe7 15. Nxe5 Qxe5 16. Qa4 b6 17. Qh4 Bb7 18. Bf3 Ba6 19. O-O-O Bc4 20. Kb1 Ne4 21. Bxe4 Qxe4+ 22. Qxe4 dxe4 23. Rd7 h6 24. Rh4 Be6 25. Rd6 Kf8 26. b3 Ke7 27. Rd2 Kf6 28. Kb2 Bf5 29. Rf4 Ke5 30. g4 Be6 31. f3 exf3 32. Rxf3 f6 33. c4 Re8 34. Kc3 Re7 35. a3 Bxg4 36. Rd5+ Ke6 37. Rg3 Bf5 38. b4 Be4 39. Rd1 Kf7 40. bxc5 bxc5 41. Rd6 Rc7 42. a4 Ke7 43. Rd1 Kf7 44. Rdg1 Kf8 45. Rd1 a5 46. Rd8+ Kf7 47. Rb8 Bc6 48. Rb6 Bxa4 49. Ra6 Bd1 50. Rxa5 Bxh5 51. Rg2 Bf3 52. Rb2 g5 53. Rbb5 g4 54. Rxc5 Rxc5 55. Rxc5 g3 56. Rc7+ Kg6 57. Ra7 Kf5 58. Rg7 Bg4 0-1

[Event "XII. Karnevalsopen"]
[Site "Solingen"]
[Date "2023.02.17"]
[Round "1.21"]
[White "Steinbach, Wolfgang"]
[Black "Sprenger, Kuno"]
[Result "1-0"]
[WhiteElo "1886"]
[BlackElo "1430"]
[PlyCount "75"]
[EventDate "2023.??.??"]
[EventType "swiss"]
[EventRounds "5"]
[EventCountry "GER"]

1. Nf3 d5 2. d4 c6 3. e3 Nf6 4. h3 e6 5. c4 Nbd7 6. Nc3 a6 7. cxd5 cxd5 8. Bd3 Be7 9. O-O O-O 10. Bd2 b5 11. Rc1 Bb7 12. Ne2 Bd6 13. Qb3 Rb8 14. Bb4 Qe7 15. Bxd6 Qxd6 16. Bb1 h6 17. Qd3 Rfe8 18. Rfd1 Rbc8 19. Nf4 Rxc1 20. Rxc1 Rc8 21. Rxc8+ Bxc8 22. Qc2 Bb7 23. Nd3 Ne4 24. Nfe5 Nxe5 25. Nxe5 f5 26. Qe2 Nf6 27. g4 Bc8 28. Bd3 Qf8 29. gxf5 exf5 30. Qc2 Ne4 31. Ng6 Qf6 32. Qxc8+ Kf7 33. Ne5+ Ke7 34. Bxe4 Qg5+ 35. Bg2 Qh5 36. Qd7+ Kf6 37. Qd8+ Ke6 38. Bxd5# 1-0

[Event "XII. Karnevalsopen"]
[Site "Solingen"]
[Date "2023.02.17"]
[Round "1.22"]
[White "Balla, Aanand"]
[Black "Naupold, Volker"]
[Result "0-1"]
[WhiteElo "1421"]
[BlackElo "1869"]
[PlyCount "84"]
[EventDate "2023.??.??"]
[EventType "swiss"]
[EventRounds "5"]
[EventCountry "GER"]

1. e4 c5 2. c3 Nc6 3. Bb5 Qb6 4. Bxc6 Qxc6 5. d3 d5 6. exd5 Qxd5 7. Qf3 Be6 8. Bf4 g5 9. Bg3 O-O-O 10. d4 h5 11. Qxd5 Bxd5 12. f3 cxd4 13. Be5 Rh6 14. Bxd4 g4 15. Nd2 Re6+ 16. Ne2 Bh6 17. Ne4 Bxe4 18. fxe4 Rxe4 19. Rf1 e5 20. Bxa7 Rd2 21. Rf2 Rxb2 22. Kf1 b6 23. Re1 f6 24. Ng3 Rxe1+ 25. Kxe1 Rxf2 26. Kxf2 Kb7 27. Bxb6 Kxb6 28. Nxh5 Bd2 29. c4 Kc5 30. Ng3 Kd4 31. c5 Ne7 32. a4 Be3+ 33. Ke2 Bf4 34. Nh5 Nd5 35. c6 f5 36. a5 Bxh2 37. Nf6 Nc3+ 38. Kf2 e4 39. g3 e3+ 40. Ke1 Bxg3+ 41. Kf1 e2+ 42. Kg2 e1=Q 0-1

[Event "XII. Karnevalsopen"]
[Site "Solingen"]
[Date "2023.02.17"]
[Round "1.23"]
[White "Kuehn, Viktoria"]
[Black "Dhanasekaran Meenambigai, Diya"]
[Result "1-0"]
[WhiteElo "1862"]
[BlackElo "1416"]
[PlyCount "59"]
[EventDate "2023.??.??"]
[EventType "swiss"]
[EventRounds "5"]
[EventCountry "GER"]

1. e4 c5 2. b3 d6 3. Bb2 Nc6 4. Bb5 Bd7 5. f4 Nf6 6. Bxc6 Bxc6 7. d3 g6 8. Nf3 Bg7 9. O-O O-O 10. Nbd2 Rc8 11. a4 a5 12. Qe1 Re8 13. Qh4 h5 14. f5 Kh7 15. fxg6+ fxg6 16. Ng5+ Kg8 17. Ne6 Qd7 18. Nxg7 Kxg7 19. Bxf6+ exf6 20. Qxf6+ Kh7 21. Nc4 Re6 22. Qg5 Qc7 23. Rf2 b5 24. axb5 Bxb5 25. Raf1 Re7 26. Rf6 Bxc4 27. Qxg6+ Kh8 28. Rf8+ Rxf8 29. Rxf8+ Bg8 30. Qxg8# 1-0

[Event "XII. Karnevalsopen"]
[Site "Solingen"]
[Date "2023.02.17"]
[Round "1.24"]
[White "Schueller, Reinhard"]
[Black "Becker, Carsten"]
[Result "0-1"]
[WhiteElo "1357"]
[BlackElo "1847"]
[PlyCount "42"]
[EventDate "2023.??.??"]
[EventType "swiss"]
[EventRounds "5"]
[EventCountry "GER"]

1. e4 e5 2. Nf3 Nc6 3. Bc4 Nf6 4. d3 Bc5 5. h3 d6 6. Nc3 h6 7. a3 a6 8. Bd2 b5 9. Ba2 Bb7 10. Ne2 d5 11. Ng3 dxe4 12. dxe4 g5 13. Bc3 Qe7 14. Qe2 O-O-O 15. O-O Nd4 16. Bxd4 exd4 17. e5 Nd5 18. Nf5 Qe6 19. g4 Qc6 20. b4 Nf4 21. Qd2 Qxf3 0-1

[Event "XII. Karnevalsopen"]
[Site "Solingen"]
[Date "2023.02.17"]
[Round "1.25"]
[White "Shivkumar, Siddharth"]
[Black "Zimmermann, Finn"]
[Result "1/2-1/2"]
[WhiteElo "1845"]
[BlackElo "1354"]
[PlyCount "64"]
[EventDate "2023.??.??"]
[EventType "swiss"]
[EventRounds "5"]
[EventCountry "GER"]

1. e4 Nc6 2. Nc3 Nf6 3. d4 d6 4. Bb5 Bd7 5. Nf3 g6 6. Be3 Bg7 7. Qd2 Ng4 8. O-O Nxe3 9. fxe3 e5 10. Qf2 O-O 11. Rad1 a6 12. Bc4 Be6 13. Be2 Bd7 14. a3 b5 15. h3 f5 16. d5 fxe4 17. Nxe4 Nb8 18. Qe1 Bf5 19. Bd3 Nd7 20. Nc3 Nc5 21. e4 Nxd3 22. Rxd3 Bd7 23. Nh2 Rxf1+ 24. Qxf1 Qf6 25. Rf3 Qd8 26. Nd1 c6 27. c4 cxd5 28. cxd5 Qb6+ 29. Qf2 Qxf2+ 30. Kxf2 Rc8 31. Rc3 Rxc3 32. Nxc3 Bh6 1/2-1/2

[Event "XII. Karnevalsopen"]
[Site "Solingen"]
[Date "2023.02.17"]
[Round "1.26"]
[White "Ricken, Harald"]
[Black "Kuhn, Andreas"]
[Result "0-1"]
[WhiteElo "1349"]
[BlackElo "1838"]
[PlyCount "88"]
[EventDate "2023.??.??"]
[EventType "swiss"]
[EventRounds "5"]
[EventCountry "GER"]

1. Nf3 Nf6 2. c4 e6 3. Nc3 d5 4. e3 Be7 5. d4 O-O 6. b3 b6 7. Bb2 Bb7 8. cxd5 exd5 9. Bd3 Nbd7 10. O-O c5 11. Qc2 h6 12. Rfe1 Rc8 13. Ba3 Qc7 14. Rac1 Rfe8 15. Nb5 Qb8 16. Nc3 c4 17. Bxe7 cxd3 18. Qxd3 Rxe7 19. Nh4 Nf8 20. Nf5 Rec7 21. Qd2 Ng6 22. Nd6 Rd8 23. Nf5 Qc8 24. Ng3 Ba6 25. a4 Qd7 26. Qb2 b5 27. Qe2 Rdc8 28. Qd3 Ne4 29. Nge2 Nxc3 30. Nxc3 Nh4 31. e4 Qg4 32. Qg3 Qxg3 33. fxg3 Ng6 34. exd5 bxa4 35. bxa4 Kf8 36. h4 Rxc3 37. Rxc3 Rxc3 38. h5 Rd3 39. hxg6 Rxd4 40. gxf7 Rxd5 41. Re6 Bb7 42. Re2 Kxf7 43. Kf2 a5 44. Rb2 Bc6 0-1